[Event "Mittelfranken-chTB1 0910"]
[Site "Mittelfranken"]
[Date "2009.12.06"]
[Round "4.6"]
[White "Leising, Thomas"]
[Black "Schatz, Werner"]
[Result "1/2-1/2"]
[WhiteElo "1884"]
[BlackElo "1952"]
[PlyCount "101"]
[EventDate "2009.10.11"]
[EventType "team-tourn"]
[EventRounds "9"]
[EventCountry "GER"]
[SourceTitle "EXT 2011"]
[Source "ChessBase"]
[SourceDate "2010.11.26"]
[SourceVersion "1"]
[SourceVersionDate "2010.11.26"]
[SourceQuality "1"]
[WhiteTeam "Nuernberg SK 1911"]
[BlackTeam "Lauf"]
[WhiteTeamCountry "GER"]
[BlackTeamCountry "GER"]

1. Nf3 d6 2. d4 Nf6 3. g3 g6 4. Bg2 Bg7 5. 0-0 0-0 6. c4 c5 7. Nc3 Nc6 8. d5 Na5 9. Nd2 a6 10. Qc2 Bd7 11. b3 b5 12. cxb5 axb5 13. Bb2 Qc7 14. Nde4 b4 15. Nxf6+ Bxf6 16. Ne4 Bxb2 17. Qxb2 Rfc8 18. Rfc1 Qb6 19. Nd2 Bb5 20. Nc4 Qa6 21. Qc2 Nxc4 22. bxc4 Bd7 23. Be4 Rcb8 24. Qb3 Qc8 25. Rab1 Ra3 26. Qb2 Rba8 27. Ra1 Qa6 28. Bb1 b3 29. Rc3 bxa2 30. Rxa3 Qxa3 31. Rxa2 Qxb2 32. Rxb2 Ra1 33. Kg2 Ba4 34. h4 Kg7 35. Kf3 Ra3+ 36. Bd3 Bb3 37. Kg2 Kf6 38. e3 e6 39. dxe6 fxe6 40. Be2 h6 41. Rd2 d5 42. cxd5 exd5 43. Rd3 Ke5 44. Bf3 g5 45. hxg5 hxg5 46. Kh2 d4 47. exd4+ cxd4 48. Bd1 Bxd1 49. Rxa3 g4 50. Kg2 Be2 51. f4+ 1/2-1/2

[Event "Mittelfranken-chTB2a 0809"]
[Site "Mittelfranken"]
[Date "2008.10.12"]
[Round "1.6"]
[White "Balhar, Rudolf"]
[Black "Leising, Thomas"]
[Result "1/2-1/2"]
[WhiteElo "1843"]
[BlackElo "1889"]
[PlyCount "42"]
[EventDate "2008.10.12"]
[EventType "team"]
[EventRounds "9"]
[EventCountry "GER"]
[SourceTitle "EXT 2011"]
[Source "ChessBase"]
[SourceDate "2010.11.26"]
[SourceVersion "1"]
[SourceVersionDate "2010.11.26"]
[SourceQuality "1"]
[WhiteTeam "Erlangen Siemens"]
[BlackTeam "Nuernberg SK 1911"]
[WhiteTeamCountry "GER"]
[BlackTeamCountry "GER"]

1. e4 c5 2. Nc3 d6 3. g3 Nc6 4. Bg2 g6 5. d3 Bg7 6. Be3 Rb8 7. Qd2 Bd7 8. Nge2 Nd4 9. 0-0 e6 10. Nd1 Nxe2+ 11. Qxe2 Ne7 12. Qd2 0-0 13. Bh6 Bc6 14. Bxg7 Kxg7 15. Ne3 h5 16. h4 Ng8 17. d4 b6 18. Rad1 Qc8 19. d5 exd5 20. Nxd5 Rd8 21. Qc3+ Kh7 1/2-1/2

[Event "Mittelfrankenliga-B1 0708"]
[Site "Mittelfranken"]
[Date "2008.02.17"]
[Round "6.6"]
[White "Leising, Thomas"]
[Black "Lutzky, Manfred"]
[Result "0-1"]
[WhiteElo "1889"]
[BlackElo "1887"]
[PlyCount "64"]
[EventDate "2007.10.14"]
[EventType "team-tourn"]
[EventRounds "9"]
[EventCountry "GER"]
[SourceTitle "EXT 2011"]
[Source "ChessBase"]
[SourceDate "2010.11.26"]
[SourceVersion "1"]
[SourceVersionDate "2010.11.26"]
[SourceQuality "1"]
[WhiteTeam "Nuernberg SK 1911"]
[BlackTeam "Nuernberg NT III"]
[WhiteTeamCountry "GER"]
[BlackTeamCountry "GER"]

1. e4 e5 2. Nf3 Nc6 3. Nc3 Nf6 4. a3 Bc5 5. Bb5 a6 6. Bxc6 dxc6 7. h3 0-0 8. 0-0 Qe7 9. d3 Nd7 10. Qe2 Re8 11. Nd1 Nf8 12. Ne3 Bd7 13. Nc4 f6 14. Be3 Rad8 15. Na5 Bc8 16. Nb3 Bd6 17. Nfd2 Qf7 18. Nc4 Qg6 19. Kh1 f5 20. Nxd6 cxd6 21. Bb6 Rd7 22. exf5 Qxf5 23. Rae1 Ng6 24. Be3 Rf7 25. Nd2 d5 26. Nf3 Bd7 27. Ng5 Rfe7 28. Nf3 Qh5 29. Ng5 Qxe2 30. Rxe2 h6 31. Nf3 e4 32. Bc5 exf3 0-1

[Event "Mittelfrankenliga-B1 0607"]
[Site "Mittelfranken"]
[Date "2007.01.28"]
[Round "5.7"]
[White "Oberndoerfer, Dieter"]
[Black "Leising, Thomas"]
[Result "0-1"]
[WhiteElo "1746"]
[BlackElo "1916"]
[PlyCount "30"]
[EventDate "2006.10.22"]
[EventType "team-tourn"]
[EventRounds "9"]
[EventCountry "GER"]
[SourceTitle "EXT 2011"]
[Source "ChessBase"]
[SourceDate "2010.11.26"]
[SourceVersion "1"]
[SourceVersionDate "2010.11.26"]
[SourceQuality "1"]
[WhiteTeam "Schwabach"]
[BlackTeam "Nuernberg SK 1911"]
[WhiteTeamCountry "GER"]
[BlackTeamCountry "GER"]

1. Nf3 Nf6 2. g3 c5 3. Bg2 Nc6 4. 0-0 e6 5. c4 Be7 6. d4 cxd4 7. Nxd4 a6 8. Nc3 0-0 9. e4 Qc7 10. b3 Bc5 11. Be3 d6 12. Nc2 Rd8 13. Bxc5 dxc5 14. Qe2 Qa5 15. Nd1 Rd2 0-1

[Event "Mittelfrankenliga-B1 0607"]
[Site "Mittelfranken"]
[Date "2006.12.03"]
[Round "3.8"]
[White "Leising, Thomas"]
[Black "Cipra, Uwe"]
[Result "1-0"]
[WhiteElo "1916"]
[BlackElo "1664"]
[PlyCount "77"]
[EventDate "2006.10.22"]
[EventType "team-tourn"]
[EventRounds "9"]
[EventCountry "GER"]
[SourceTitle "EXT 2011"]
[Source "ChessBase"]
[SourceDate "2010.11.26"]
[SourceVersion "1"]
[SourceVersionDate "2010.11.26"]
[SourceQuality "1"]
[WhiteTeam "Nuernberg SK 1911"]
[BlackTeam "Schwanstetten"]
[WhiteTeamCountry "GER"]
[BlackTeamCountry "GER"]

1. Nf3 e6 2. d4 d5 3. e3 Nf6 4. Bd3 c5 5. c3 c4 6. Bc2 Bd6 7. Nbd2 Qc7 8. e4 Nxe4 9. Nxe4 dxe4 10. Bxe4 Nd7 11. Qe2 Nf6 12. Bc2 Bd7 13. Ne5 Bb5 14. 0-0 Nd7 15. f4 Nxe5 16. fxe5 Bf8 17. Qf2 g6 18. Qf6 Rg8 19. Bg5 Bg7 20. Qf4 Rh8 21. h4 h6 22. Bf6 Bxf6 23. Qxf6 Rg8 24. Bxg6 Rxg6 25. Qh8+ Ke7 26. Qxa8 Bc6 27. Rxf7+ Kxf7 28. Rf1+ Kg7 29. Qf8+ Kh7 30. Rf7+ Qxf7 31. Qxf7+ Rg7 32. Qxe6 Rxg2+ 33. Kf1 Rxb2 34. d5 Ba4 35. d6 Rd2 36. Qf7+ Kh8 37. e6 Bc6 38. d7 Rd3 39. Qf8+ 1-0

[Event "Mittelfrankenliga-B1 0506"]
[Site "Germany"]
[Date "2006.03.19"]
[Round "7.8"]
[White "Leising, Thomas"]
[Black "Arlt, Birgit"]
[Result "1-0"]
[WhiteElo "1918"]
[BlackElo "1683"]
[PlyCount "85"]
[EventDate "2005.10.16"]
[EventType "team-tourn"]
[EventRounds "9"]
[EventCountry "GER"]
[SourceTitle "EXT 2007"]
[Source "ChessBase"]
[SourceDate "2006.11.23"]
[SourceVersion "1"]
[SourceVersionDate "2006.11.23"]
[SourceQuality "1"]

1. Nf3 d5 2. d4 Nf6 3. e3 b6 4. Bd3 Bb7 5. 0-0 e6 6. Nbd2 Nbd7 7. Ne5 Nxe5 8. dxe5 Nd7 9. f4 g6 10. c3 Bg7 11. Nf3 0-0 12. b3 c5 13. Ng5 h6 14. Nf3 Qc7 15. c4 Rad8 16. Qe2 a6 17. cxd5 Bxd5 18. Bxa6 Nb8 19. Bc4 Be4 20. Bb2 Nc6 21. Rfd1 Nb4 22. a3 Nc6 23. Nd2 Bd5 24. e4 Bxc4 25. Nxc4 Na7 26. g3 Rfe8 27. Rxd8 Rxd8 28. Rd1 b5 29. Rxd8+ Qxd8 30. Qd2 Qa8 31. Nd6 Qc6 32. Kf2 Qb6 33. Qe3 Bf8 34. b4 Bxd6 35. exd6 Qxd6 36. bxc5 Qd7 37. Qc3 f5 38. Qh8+ Kf7 39. Qg7+ Ke8 40. Qg8+ Ke7 41. Bf6+ Kxf6 42. Qf8+ Qf7 43. e5# 1-0

[Event "Mittelfrankenliga-B1 0506"]
[Site "Germany"]
[Date "2006.01.29"]
[Round "5.8"]
[White "Leising, Thomas"]
[Black "Salzwedel, Wolfgang"]
[Result "0-1"]
[WhiteElo "1918"]
[BlackElo "1977"]
[PlyCount "94"]
[EventDate "2005.10.16"]
[EventType "team-tourn"]
[EventRounds "9"]
[EventCountry "GER"]
[SourceTitle "EXT 2007"]
[Source "ChessBase"]
[SourceDate "2006.11.23"]
[SourceVersion "1"]
[SourceVersionDate "2006.11.23"]
[SourceQuality "1"]

1. d4 d5 2. c4 c6 3. Nc3 e6 4. Nf3 f5 5. Bf4 Nf6 6. e3 Be7 7. Qc2 0-0 8. 0-0-0 a6 9. Ne5 Nbd7 10. f3 Nxe5 11. Bxe5 Bd6 12. Kb1 b5 13. Bxd6 Qxd6 14. c5 Qe7 15. Bd3 h6 16. Rhe1 b4 17. Na4 Ra7 18. e4 dxe4 19. fxe4 f4 20. Qe2 e5 21. d5 Bg4 22. Qd2 Bxd1 23. d6 Qb7 24. Qxd1 Nd7 25. Qh5 Kh8 26. Bc4 b3 27. axb3 Qb4 28. Rd1 Nxc5 29. Qxe5 Nxa4 30. d7 Raa8 31. bxa4 Qxc4 32. Qe7 Rad8 33. e5 Qxa4 34. Qd6 Qe4+ 35. Kc1 Rfe8 36. dxe8Q+ Rxe8 37. e6 Rxe6 38. Qf8+ Kh7 39. Rd8 Qc4+ 40. Kd1 Qf1+ 41. Kc2 Qxg2+ 42. Kb3 Re3+ 43. Ka2 Qe4 44. Qg8+ Kg6 45. Rd6+ Kh5 46. Qf7+ g6 47. b3 Qc2+ 0-1

[Event "Mittelfrankenliga-B1 0506"]
[Site "Germany"]
[Date "2006.01.15"]
[Round "4.8"]
[White "Leising, Thomas"]
[Black "Puehn, Georg"]
[Result "1/2-1/2"]
[WhiteElo "1918"]
[BlackElo "1890"]
[PlyCount "51"]
[EventDate "2005.10.16"]
[EventType "team-tourn"]
[EventRounds "9"]
[EventCountry "GER"]
[SourceTitle "EXT 2007"]
[Source "ChessBase"]
[SourceDate "2006.11.23"]
[SourceVersion "1"]
[SourceVersionDate "2006.11.23"]
[SourceQuality "1"]

1. e4 c6 2. Nf3 d5 3. exd5 cxd5 4. Ne5 Qc7 5. d4 Nf6 6. Bf4 Qb6 7. Nc3 a6 8. Na4 Qa5+ 9. c3 e6 10. b4 Qd8 11. Bd3 Be7 12. 0-0 0-0 13. Qf3 Bd7 14. Nxd7 Nbxd7 15. Rfe1 Re8 16. Rab1 Rc8 17. Nc5 Qb6 18. Re2 Nf8 19. b5 axb5 20. Rxb5 Qc6 21. Reb2 Bxc5 22. Rxc5 Qa4 23. Rxb7 Qxa2 24. Bb1 Qa3 25. Rxc8 Rxc8 26. Bd2 1/2-1/2

[Event "Mittelfranken-chT 0405"]
[Site "Germany"]
[Date "2004.12.19"]
[Round "4.5"]
[White "Leising, Thomas"]
[Black "Suess, Helmut"]
[Result "1/2-1/2"]
[WhiteElo "1927"]
[BlackElo "1891"]
[PlyCount "37"]
[EventDate "2004.10.17"]
[EventType "team-tourn"]
[EventRounds "9"]
[EventCountry "GER"]
[SourceTitle "EXT 2007"]
[Source "ChessBase"]
[SourceDate "2006.11.23"]
[SourceVersion "1"]
[SourceVersionDate "2006.11.23"]
[SourceQuality "1"]

1. d4 Nf6 2. Nf3 e6 3. c4 Bb4+ 4. Bd2 Qe7 5. a3 Bxd2+ 6. Nbxd2 b6 7. g3 Bb7 8. Bg2 0-0 9. 0-0 d6 10. Qc2 Nbd7 11. b4 c5 12. dxc5 dxc5 13. b5 Rfd8 14. a4 a5 15. Rfd1 Rac8 16. Ng5 Bxg2 17. Kxg2 h6 18. Nge4 Nxe4 19. Nxe4 1/2-1/2